00854nam a2200229 a 4500001001000000003000500010005001700015008004100032010001100073011001100084040000900095100002500104245009700129260004200226500006000268502012300328650001900451650002100470650003800491650002500529856007000554000108814CHAP20220329144025.0140313s2012 mx sm |||||||spa d a105276 a106248 cCHAP00aReyes Toxqui, Alvaro10aBiopolítica y resistencia social desde corporeidadh[En línea]cpor Alvaro Reyes Toxqui. aChapingo, Méx. :bEl autor.,c2012. aPara ver el contenido del material haga clic en la liga aTesis (Ph.D. en Ciencias Agrarias) -- UACH. Departamento Enseñanza, Investigación y Servicio de Sociología Rural14aBiopolítica.14aGlobalización.14aIdentidad (Concepto filosófico)14aPsicología social. aFinding aiduhttp://10.13.5.2/tesis/sist108814.pdfzTeclea aquí